LEADER 01136cam0-2200337---450- 001 990004370650403321 005 20110720164029.0 010 $a88-222-5053-2 035 $a000437065 035 $aFED01000437065 035 $a(Aleph)000437065FED01 035 $a000437065 100 $a19990604d2001----km-y0itay50------ba 101 0 $aita 102 $aIT 105 $a--------101yy 200 1 $a<>tragico e il sacro dal Cinquecento a Racine$eatti del convegno internazionale di Torino e Vercelli (14-16 ottobre 1999)$fa cura di Dario Cecchetti e Daniela Dalla Valle 210 $aFirenze$cOlschki$d2001 215 $aX, 329 p.$d24 cm 225 1 $aBiblioteca dell'Archivum Romanicum$hSerie 1.$iStoria, letteratura, paleografia$v4 610 0 $aLetteratura drammatica francese$aSec. 16.-17.$aCongressi$a1999 676 $a842.3 702 1$aCecchetti,$bDario 702 1$aDalla Valle,$bDaniela 801 0$aIT$bUNINA$gRICA$2UNIMARC 901 $aBK 912 $a990004370650403321 952 $a842.3 CEC 1$fFLFBC 959 $aFLFBC 996 $aTragico e il sacro dal Cinquecento a Racine$9540493 997 $aUNINA LEADER 01280nam--2200385---450- 001 990005940710203316 005 20140331100236.0 035 $a000594071 035 $aUSA01000594071 035 $a(ALEPH)000594071USA01 035 $a000594071 100 $a20140331d1969----km-y0itay50------ba 101 $aeng 102 $aGB 105 $a||||||||001yy 200 1 $a<> greek temple builders at Epidauros$ea social and economic study of building in the Asklepian sanctuary, during the fourth and early third centuries B.C.$fAlison Burford 210 $aLiverpool$cLiverpool University$d1969 215 $a270 p.$cill.$d26 cm 225 2 $aLiverpool monographs in archaeology and oriental studies 410 0$12001$aLiverpool monographs in archaeology and oriental studies 454 1$12001 461 1$1001-------$12001 606 0 $aTempli greci$2BNCF 606 $aSantuari$yGrecia antica$2BNCF 676 $a938 700 1$aBURFORD,$bAlison$0158901 801 0$aIT$bsalbc$gISBD 912 $a990005940710203316 951 $aAA 17,16$b602 DSA/ISAA 959 $aBK 969 $aDSA 979 $aDSA$b90$c20140331$lUSA01$h0956 979 $aDSA$b90$c20140331$lUSA01$h1002 996 $aGreek temple builders at Epidauros$9289094 997 $aUNISA